| 000 | 01078nac a22003497a 4500 | ||
|---|---|---|---|
| 001 | BR5600150 | ||
| 003 | BR-BrBNA | ||
| 005 | 20240105112920.0 | ||
| 008 | 230509b bl.|||m| |||| 00| 0 por d | ||
| 040 |
_aBR-BrBNA _bpor _cBiblioteca Nacional de Agricultura |
||
| 072 | _aF00; P10; P12 | ||
| 090 | _aF00 BR5600150 | ||
| 100 | 1 | _aLima, R.R. | |
| 110 | 1 |
_aInstituto Agronomico do Norte, Belem, PA (Brasil) _95627 |
|
| 245 | 1 | _aA agricultura nas varzeas do estuario do Amazonas [Plantio; Queimada; Hidrogeologia; Sedimentacao; Drenagem; Dreno; Varzea; Brasil] | |
| 260 | 3 |
_aBelem, PA (Brasil): _c1956. |
|
| 300 | _ap. 5-164 | ||
| 490 |
_aBoletim Tecnico do Instituto Agronomico do Norte (Brazil) _vno. 33 _x |
||
| 500 | _a26 illus. | ||
| 650 | _aRECURSO HIDRICO | ||
| 650 | _aDRENAGEM | ||
| 650 | _aPLANTIO | ||
| 650 | _aQUEIMADA | ||
| 650 | _aHIDROGEOLOGIA | ||
| 650 | _aSEDIMENTACAO | ||
| 650 | _aDRENO | ||
| 650 | _aVARZEA | ||
| 650 | _aESTUARIO | ||
| 650 | _aRIO AMAZONAS | ||
| 909 |
_a202312 _bLúcia Elande _c55 _dLúcia Elande |
||
| 942 |
_2AGRIS _n0 _cMS |
||
| 999 |
_c260912 _d260912 |
||